World Map Countries by 1M non-capital City - Statistics

General Stats
  • This quiz has been taken 2,159 times
  • The average score is 155 of 196
Answers on the Map
Answers color-coded by a green-red scale on the quiz's map according to % correct below.
 
Answer Stats
1M non-capital cities Country % Correct
New York, Los Angeles, Chicago, San Francisco, Boston, Philadelphia, Dallas, Houston, Miami, Detroit, Atlanta, Phoenix, Seattle, Tampa, Denver, San Diego, Cleveland, Orlando, Minneapolis, Cincinnati, St. Louis, Salt Lake City, Charlotte, Portland, San Juan, Las Vegas, Pittsburgh, San Antonio, Sacramento, Kansas City, Indianapolis, Austin, Hartford, Columbus, Virginia Beach, Milwaukee, Raleigh, Nashville, Buffalo, Jacksonville, Harrisburg, McAllen, Stockton, Memphis, Melbourne, Greensboro, Oklahoma City, Louisville, Richmond, El Paso, New Orleans, Honolulu United States
93%
São Paulo, Rio de Janeiro, Belo Horizonte, Porto Alegre, Recife, Salvador, Fortaleza, Curitiba, Campinas, Goiânia, Belém, Manaus, Vitória, Santos, São Luís, Natal, João Pessoa, Maceió, Teresina Brazil
91%
Toronto, Montreal, Vancouver, Calgary, Edmonton Canada
91%
Sydney, Melbourne, Brisbane, Perth, Adelaide Australia
90%
Guangzhou, Shanghai, Tianjin, Xiamen, Chengdu, Hangzhou, Wuhan, Shantou, Shenyang, Hong Kong, Chongqing, Nanjing, Xi'an, Wenzhou, Qingdao, Harbin, Zhengzhou, Hefei, Dalian, Changsha, Taiyuan, Jinan, Kunming, Fuzhou, Shijiazhuang, Changchun, Nanchang, Ürümqi, Ningbo, Zibo, Wuxi, Nanning, Guiyang, Lanzhou, Huizhou, Changzhou, Jiangyin, Xuzhou, Anshan, Tangshan, Baotou, Cixi, Yantai, Taizhou, Luoyang, Nantong, Liuzhou, Huai'an, Haikou, Huhehot, Yangzhou, Huainan, Linyi, Hengyang, Baoding, Weifang, Yiwu, Daqing, Xiangyang, Zhuhai, Yinchuan, Datong, Jilin, Jiaozuo, Handan, Putian, Xiangtan, Xining, Huaibei, Wuhu, Xingtai, Xinxiang, Yancheng, Tai'an, Guilin, Zhangjiakou, Mianyang, Bengbu, Zhanjiang, Qingyuan, Yichang, Ma'anshan, Zunyi, Changshu, Qinhuangdao, Cangnan, Maoming, Zhuzhou, Benxi, Lianyungang, Qiqihar, Rizhao, Zhenjiang, Kaifeng, Jinzhou, Nanchong, Chifeng, Nanyang, Wanzhou, Baoji China
90%
Saint Petersburg, Nizhny Novgorod, Novosibirsk, Yekaterinburg, Volgograd, Chelyabinsk, Samara, Rostov-on-Don, Kazan, Omsk, Ufa, Perm, Krasnoyarsk, Saratov, Voronezh Russia
90%
Barcelona, Valencia, Sevilla, Málaga Spain
89%
Birmingham, Manchester, Leeds, Liverpool, Glasgow, Sheffield, Newcastle upon Tyne, Nottingham, Southampton United Kingdom
89%
The Ruhr, Cologne / Dusseldorf, Frankfurt, Hamburg, Stuttgart, Munich, Mannheim, Nuremberg, Hanover Germany
88%
Mumbai, Kolkata, Bengaluru, Chennai, Hyderabad, Ahmedabad, Pune, Surat, Jaipur, Lucknow, Kanpur, Nagpur, Indore, Bhilai, Patna, Coimbatore, Bhopal, Agra, Vadodara, Chandigarh, Vishakhapatnam, Ludhiana, Nasik, Benares, Vijayawada, Bhubaneswar, Rajkot, Madurai, Meerut, Aurangabad, Jamshedpur, Cochin, Āsansol, Srinagar, Jabalpur, Allahabad, Jodhpur, Amritsar, Dhanbad, Ranchi, Gwalior, Tirupur, Kotā, Bareilly, Tiruchirappalli, Mysore, Alīgarh, Morādābād, Gauhati, Hubli-Dharwar, Jullundur, Salem, Sholapur India
88%
--- Afghanistan
87%
--- Albania
87%
--- Andorra
87%
--- Angola
87%
--- Antigua and Barbuda
87%
--- Armenia
87%
--- Austria
87%
--- Azerbaijan
87%
--- Bahamas
87%
--- Bahrain
87%
--- Barbados
87%
--- Belarus
87%
--- Belize
87%
--- Bhutan
87%
--- Bosnia and Herzegovina
87%
--- Botswana
87%
--- Brunei
87%
--- Bulgaria
87%
--- Burkina Faso
87%
--- Burundi
87%
--- Cambodia
87%
--- Cape Verde
87%
--- Central African Republic
87%
--- Chad
87%
--- Comoros
87%
--- Costa Rica
87%
--- Croatia
87%
--- Cuba
87%
--- Cyprus
87%
--- Czech Republic
87%
--- Denmark
87%
--- Djibouti
87%
--- Dominica
87%
--- Dominican Republic
87%
--- East Timor
87%
--- El Salvador
87%
--- Equatorial Guinea
87%
--- Eritrea
87%
--- Estonia
87%
--- Ethiopia
87%
--- Federated States of Micronesia
87%
--- Fiji
87%
--- Finland
87%
Lyon, Marseille, Lille, Bordeaux France
87%
--- Gabon
87%
--- Gambia
87%
--- Georgia
87%
--- Greece
87%
--- Grenada
87%
--- Guatemala
87%
--- Guinea
87%
--- Guinea-Bissau
87%
--- Guyana
87%
--- Haiti
87%
--- Hungary
87%
--- Iceland
87%
--- Ireland
87%
Milan, Naples, Turin Italy
87%
--- Jamaica
87%
--- Jordan
87%
--- Kiribati
87%
--- Kosovo
87%
--- Kuwait
87%
--- Kyrgyzstan
87%
--- Laos
87%
--- Latvia
87%
--- Lebanon
87%
--- Lesotho
87%
--- Liberia
87%
--- Libya
87%
--- Liechtenstein
87%
--- Lithuania
87%
--- Luxembourg
87%
--- Macedonia
87%
--- Madagascar
87%
--- Malawi
87%
--- Maldives
87%
--- Mali
87%
--- Malta
87%
--- Marshall Islands
87%
--- Mauritania
87%
--- Mauritius
87%
--- Moldova
87%
--- Monaco
87%
--- Mongolia
87%
--- Montenegro
87%
--- Mozambique
87%
--- Namibia
87%
--- Nauru
87%
--- Nepal
87%
--- Nicaragua
87%
--- Niger
87%
--- North Korea
87%
--- Norway
87%
--- Oman
87%
--- Palau
87%
--- Panama
87%
--- Papua New Guinea
87%
--- Paraguay
87%
--- Peru
87%
--- Qatar
87%
--- Republic of the Congo
87%
--- Romania
87%
--- Rwanda
87%
--- Saint Kitts and Nevis
87%
--- Saint Lucia
87%
--- Saint Vincent and the Grenadines
87%
--- Samoa
87%
--- San Marino
87%
--- São Tomé and Príncipe
87%
--- Senegal
87%
--- Serbia
87%
--- Seychelles
87%
--- Sierra Leone
87%
--- Singapore
87%
--- Slovakia
87%
--- Slovenia
87%
--- Solomon Islands
87%
--- Somalia
87%
--- South Sudan
87%
--- Sri Lanka
87%
--- Sudan
87%
--- Suriname
87%
--- Swaziland
87%
--- Sweden
87%
--- Tajikistan
87%
--- Togo
87%
--- Tonga
87%
--- Trinidad and Tobago
87%
--- Turkmenistan
87%
--- Tuvalu
87%
--- Uganda
87%
--- Uruguay
87%
--- Uzbekistan
87%
--- Vanuatu
87%
--- Vatican City
87%
--- Yemen
87%
--- Zambia
87%
--- Zimbabwe
87%
Osaka, Nagoya, Fukuoka, Sapporo, Okayama, Kitakyushu, Hiroshima, Sendai, Hamamatsu, Naha, Kumamoto, Shizuoka, Fuji Japan
84%
Istanbul, Izmir, Bursa, Adana, Gaziantep, Konya, Antalya, Kayseri Turkey
84%
Alexandria Egypt
80%
Guadalajara, Monterrey, Puebla, Toluca, Tijuana, León, Ciudad Juárez, Torreón, Querétaro, San Luis Potosí, Mérida, Aguascalientes, Mexicali, Cuernavaca Mexico
80%
Casablanca, Fes, Agadir, Marrakesh Morocco
78%
Rotterdam Netherlands
78%
Porto Portugal
78%
Karachi, Lahore, Faisalabad, Rawalpindi, Hyderabad, Gujranwala, Multan, Peshawar, Quetta Pakistan
77%
Jeddah, Dammam, Mecca, Medina Saudi Arabia
77%
Auckland New Zealand
75%
Lagos, Kano, Ibadan, Port Harcourt, Kaduna, Benin City, Onitsha, Maiduguri, Aba Nigeria
75%
Cape Town, Durban, Port Elizabeth South Africa
75%
Zurich Switzerland
74%
Ho Chi Minh City Vietnam
74%
Kharkov, Donetsk, Dnepropetrovsk, Odessa Ukraine
72%
Medellín, Cali, Barranquilla, Bucaramanga, Cartagena Colombia
70%
Dubai United Arab Emirates
69%
Antwerp Belgium
67%
Busan, Daegu, Taejon, Kwangju, Ulsan, Changwon South Korea
65%
Alma-Ata Kazakhstan
58%
Yangon, Mandalay Burma
57%
Aleppo Syria
57%
Bandung, Surabaya, Medan, Semarang, Makassar, Palembang, Denpasar, Malang, Yogyakarta, Surakarta, Batam, Pekanbaru, Serang, Bandar Lampung Indonesia
55%
Dar es Salaam Tanzania
54%
Córdoba, Rosario, Mendoza Argentina
53%
Tel Aviv-Jaffa, Gaza Israel
53%
Mosul, Basra, Erbil, Kirkuk Iraq
52%
Meshed, Isfahan, Shiraz, Tabriz, Ahvaz, Qom Iran
49%
Mombasa Kenya
49%
Guayaquil Ecuador
47%
Chittagong, Khulna Bangladesh
45%
Abidjan Cote d'Ivoire
45%
Cebu, Davao, Angeles Philippines
43%
Maracaibo, Valencia, Maracay, Barquisimeto Venezuela
42%
Oran Algeria
39%
Katowice Poland
37%
Santa Cruz, Cochabamba Bolivia
35%
Douala Cameroon
32%
Valparaíso Chile
30%
Lubumbashi, Mbuji-Mayi Democratic Republic of the Congo
26%
Cotonou Benin
25%
Kaohsiung, Taichung, Tainan Taiwan
24%
Kumasi Ghana
22%
George Town Malaysia
21%
San Pedro Sula Honduras
18%
Sousse Tunisia
14%
Chonburi Thailand
4%
No matching quizzes found
Score Distribution
Percent of People with Each Score
Percentile by Number Answered
Your Score History
You have not taken this quiz